| 000 | 00549nam a2200157 i 4500 | ||
|---|---|---|---|
| 001 | 72022 | ||
| 003 | ES-MaACL | ||
| 005 | 20230906171314.0 | ||
| 007 | t| | ||
| 008 | 040823s1912 ve ||||1| spa d | ||
| 100 | 1 |
_aGil Fortoul, José. _956819 |
|
| 245 | 1 | 0 |
_aMemoria que presenta el Ministro de Instrucción Pública de los Estados Unidos de Venezuela al Congreso Nacional de 1912 / _cJosé Gil Fortoul. |
| 260 |
_aCaracas : _b[s.n., _c1912] |
||
| 710 | 1 |
_aVenezuela. _bMinisterio de Instrucción Pública. _9154751 |
|
| 852 |
_aES-MaACL _jT-1378-F-3 |
||
| 999 |
_c72022 _d72022 |
||